[Event "Sachsen-ch U16 Girls"]
[Site "Sebnitz"]
[Date "2012.04.11"]
[Round "2"]
[White "Cozma, Diana"]
[Black "Schille, Anika"]
[Result "1-0"]
[WhiteElo "1271"]
[BlackElo "1127"]
[PlyCount "63"]
[EventDate "2012.04.10"]
[EventType "swiss"]
[EventRounds "6"]
[EventCountry "GER"]
[SourceTitle "CBM 148 Extra"]
[Source "ChessBase"]
[SourceDate "2012.06.22"]
[SourceVersion "1"]
[SourceVersionDate "2012.06.22"]
[SourceQuality "1"]

1. e4 c5 2. Nf3 Nc6 3. d4 cxd4 4. Nxd4 g6 5. Be3 Bg7 6. Nc3 a6 7. Qd2 e6 8. 0-0-0 Nge7 9. Kb1 0-0 10. f4 Qc7 11. Be2 Rd8 12. g3 d6 13. g4 d5 14. exd5 Nxd5 15. Nxd5 Rxd5 16. c3 b5 17. Bf3 Bxd4 18. Bxd4 Rd6 19. Qe3 Bb7 20. Bxc6 Qxc6 21. f5 Qe4+ 22. Ka1 Qxe3 23. Bxe3 Rad8 24. Rxd6 Rxd6 25. Rf1 e5 26. b3 Rd3 27. Bg5 Rxc3 28. Bf6 Re3 29. Rd1 Bd5 30. Rxd5 Re1+ 31. Kb2 Re2+ 32. Kc1 1-0

[Event "Sachsen-ch U14 Girls"]
[Site "Sebnitz"]
[Date "2011.04.29"]
[Round "6"]
[White "Cozma, Diana"]
[Black "Schille, Anika"]
[Result "1/2-1/2"]
[WhiteElo "1281"]
[BlackElo "1198"]
[PlyCount "72"]
[EventDate "2011.04.26"]
[EventType "swiss"]
[EventRounds "7"]
[EventCountry "GER"]
[SourceTitle "EXT 2012"]
[Source "ChessBase"]
[SourceDate "2011.11.24"]
[SourceVersion "1"]
[SourceVersionDate "2011.11.24"]
[SourceQuality "1"]

1. e4 c5 2. Nf3 Nc6 3. d4 cxd4 4. Nxd4 g6 5. Nc3 Bg7 6. Be3 a6 7. Qd2 e6 8. 0-0-0 Nge7 9. Kb1 0-0 10. h4 d5 11. f4 Qa5 12. Nb3 Bxc3 13. bxc3 Qc7 14. h5 dxe4 15. Qe2 Nd5 16. Qd2 Rd8 17. Bc4 b5 18. Bxd5 exd5 19. Qf2 Bg4 20. Rdg1 Qd7 21. Qg3 Ne7 22. Nc5 Qf5 23. Qh4 Re8 24. hxg6 Qxg6 25. Qg5 Nf5 26. Qxg6+ fxg6 27. Re1 Rec8 28. Nd7 Rc6 29. Ne5 Rxc3 30. Nxg4 Kg7 31. Bd2 Rg3 32. Ne3 Nxe3 33. Bxe3 Rxg2 34. Bd4+ Kg8 35. Re3 Rc8 36. c3 Rc7 1/2-1/2